2020 Election Night - Statistics

General Stats
  • This quiz has been taken 28 times
  • The average score is 42 of 56
Answer Stats
Time Called EST Electoral Votes Answer % Correct
Nov. 13 16 Georgia
83%
7:00 PM 8 Kentucky
83%
1:06 AM 38 Texas
83%
7:00 PM 3 Vermont
83%
2:51 AM 11 Arizona
78%
8:30 PM 6 Arkansas
78%
12:35 AM 29 Florida
78%
3:06 AM 2 Maine
78%
3:06 AM 1 Maine-1
78%
1:24 PM 1 Maine-2
78%
5:58 PM 16 Michigan
78%
9:00 PM 2 Nebraska
78%
9:00 PM 1 Nebraska-1
78%
1:27 AM 1 Nebraska-2
78%
9:00 PM 1 Nebraska-3
78%
12:13 PM 6 Nevada
78%
Nov. 13 15 North Carolina
78%
Sat. 11:25 AM 20 Pennsylvania
78%
2:16 PM 10 Wisconsin
78%
8:00 PM 9 Alabama
72%
Nov. 11, 12:16 PM 3 Alaska
72%
11:00 PM 55 California
72%
9:37 PM 9 Colorado
72%
8:00 PM 7 Connecticut
72%
8:00 PM 3 Delaware
72%
9:27 PM 3 District of Columbia
72%
Wed. 12:06 AM 4 Hawaii
72%
11:00 PM 4 Idaho
72%
8:00 PM 20 Illinois
72%
8:52 PM 11 Indiana
72%
12:21 AM 6 Iowa
72%
9:59 PM 6 Kansas
72%
8:00 PM 10 Maryland
72%
8:00 PM 11 Massachusetts
72%
12:13 AM 10 Minnesota
72%
8:00 PM 6 Mississippi
72%
12:20 AM 3 Montana
72%
10:54 PM 4 New Hampshire
72%
8:00 PM 14 New Jersey
72%
9:00 PM 5 New Mexico
72%
9:00 PM 29 New York
72%
9:00 PM 3 North Dakota
72%
12:19 AM 18 Ohio
72%
8:00 PM 7 Oklahoma
72%
8:00 PM 4 Rhode Island
72%
7:56 PM 9 South Carolina
72%
9:00 PM 3 South Dakota
72%
8:00 PM 11 Tennessee
72%
11:08 PM 6 Utah
72%
7:36 PM 13 Virginia
72%
7:30 PM 5 West Virginia
72%
9:00 PM 3 Wyoming
72%
9:00 PM 8 Louisiana
67%
10:31 PM 10 Missouri
67%
11:00 PM 7 Oregon
67%
11:00 PM 12 Washington
67%
No matching quizzes found
Score Distribution
Percent of People with Each Score
Percentile by Number Answered
Your Score History
You have not taken this quiz